[Event "SVM-ch (Women)"]
[Site "Eikamp"]
[Date "1997.??.??"]
[Round "?"]
[White "Pick, Christina"]
[Black "Stoy, Melanie"]
[Result "1/2-1/2"]
[WhiteElo "1697"]
[BlackElo "1574"]
[PlyCount "40"]
[EventDate "1997.05.??"]
[EventType "tourn"]
[EventRounds "3"]
[EventCountry "GER"]
[SourceTitle "EXT 2006"]
[Source "ChessBase"]
[SourceDate "2005.11.24"]
[SourceVersion "1"]
[SourceVersionDate "2005.11.24"]
[SourceQuality "1"]

1. Nf3 g6 2. g3 Bg7 3. Bg2 d6 4. d4 Nf6 5. c4 0-0 6. Nc3 c6 7. 0-0 Nbd7 8. Bf4 Qc7 9. c5 Nh5 10. cxd6 exd6 11. Bg5 Re8 12. g4 Nhf6 13. h3 d5 14. Bh4 Ne4 15. Nxe4 dxe4 16. Ng5 Nf6 17. Qc2 h6 18. Nxe4 Nxe4 19. Bxe4 Qf4 20. Bg2 Qxd4 1/2-1/2